<?xml version="1.0" encoding="UTF-8"?><?xml-stylesheet type="text/xsl" href="static/style.xsl"?><OAI-PMH xmlns="http://www.openarchives.org/OAI/2.0/" xmlns:xsi="http://www.w3.org/2001/XMLSchema-instance" xsi:schemaLocation="http://www.openarchives.org/OAI/2.0/ http://www.openarchives.org/OAI/2.0/OAI-PMH.xsd"><responseDate>2026-06-07T15:51:11Z</responseDate><request verb="GetRecord" identifier="oai:docta.ucm.es:20.500.14352/4419" metadataPrefix="marc">https://docta.ucm.es/rest/oai/request</request><GetRecord><record><header><identifier>oai:docta.ucm.es:20.500.14352/4419</identifier><datestamp>2023-08-25T23:11:50Z</datestamp><setSpec>com_20.500.14352_14</setSpec><setSpec>col_20.500.14352_15</setSpec></header><metadata><record xmlns="http://www.loc.gov/MARC21/slim" xmlns:dcterms="http://purl.org/dc/terms/" xmlns:xsi="http://www.w3.org/2001/XMLSchema-instance" xmlns:doc="http://www.lyncode.com/xoai" xsi:schemaLocation="http://www.loc.gov/MARC21/slim http://www.loc.gov/standards/marcxml/schema/MARC21slim.xsd">
   <leader>00925njm 22002777a 4500</leader>
   <datafield ind2=" " ind1=" " tag="042">
      <subfield code="a">dc</subfield>
   </datafield>
   <datafield ind2=" " ind1=" " tag="720">
      <subfield code="a">Ayargüena Porras, Blanca</subfield>
      <subfield code="e">author</subfield>
   </datafield>
   <datafield ind2=" " ind1=" " tag="720">
      <subfield code="a">Manzini, Elisa</subfield>
      <subfield code="e">author</subfield>
   </datafield>
   <datafield ind2=" " ind1=" " tag="720">
      <subfield code="a">Calvo Fernández, Natalia</subfield>
      <subfield code="e">author</subfield>
   </datafield>
   <datafield ind2=" " ind1=" " tag="720">
      <subfield code="a">Matei, Daniela</subfield>
      <subfield code="e">author</subfield>
   </datafield>
   <datafield ind2=" " ind1=" " tag="260">
      <subfield code="c">2021-07-11</subfield>
   </datafield>
   <datafield ind2=" " ind1=" " tag="520">
      <subfield code="a">Major sudden stratospheric warmings (SSWs) are the most important phenomena of the wintertime boreal stratospheric variability.During SSWs, the polar temperature increases abruptly, and easterlies prevail in the stratosphere. Their effects extend farther from the polar stratosphere, affecting near-surface circulation. According to observations, SSWs are not equally distributed in time, with decades experiencing very few events, while others experiencing SSWs almost every winter. Some sources of this SSW multidecadal variability can be traced back to sea surface temperature changes.Here, we investigate the effects of Pacific decadal variability (PDV) and Atlanticmultidecadal variability (AMV) on SSWs. We use for the first time a large ensemble of historical experiments to examine the modulation of the frequency, tropospheric precursors, and impact of SSWs by the PDV and AMV.We find a strong impact of the PDV on the occurrence of SSWs, with a higher SSW frequency for the positive phase of the PDV. This PDV influence ismediated by constructive interference of PDV anomalies with tropospheric stationary waves. The main effect of AMV is, instead, a modulation of the tropospheric response to SSWs, a finding that can be useful for predicting the tropospheric fingerprint of SSWs.</subfield>
   </datafield>
   <datafield ind1="8" ind2=" " tag="024">
      <subfield code="a">0077-8923</subfield>
   </datafield>
   <datafield ind1="8" ind2=" " tag="024">
      <subfield code="a">10.1111/nyas.14663</subfield>
   </datafield>
   <datafield ind1="8" ind2=" " tag="024">
      <subfield code="a">https://hdl.handle.net/20.500.14352/4419</subfield>
   </datafield>
   <datafield ind1="8" ind2=" " tag="024">
      <subfield code="a">http://dx.doi.org/10.1111/nyas.14663</subfield>
   </datafield>
   <datafield ind1="8" ind2=" " tag="024">
      <subfield code="a">https://nyaspubs.onlinelibrary.wiley.com/</subfield>
   </datafield>
   <datafield ind2="0" ind1="0" tag="245">
      <subfield code="a">Interaction between decadal-to-multidecadal oceanic variability and sudden stratospheric warmings</subfield>
   </datafield>
</record></metadata></record></GetRecord></OAI-PMH>